| 000 | 01576cam a22004694i 4500 | ||
|---|---|---|---|
| 003 | PE-LiUPU | ||
| 005 | 20250731173225.0 | ||
| 008 | 150625s1981 nyu r 000 0 eng d | ||
| 035 | _a(Sirsi) a34035 | ||
| 040 |
_aPE-LiUPU _bspa _cPE-LiUPU _erda |
||
| 049 | _aPRUA | ||
| 082 | 0 | 4 |
_a220.05 _bUBSTG _221 |
| 100 | 1 |
_aBratcher, Robert G., _eautor. |
|
| 245 | 1 | 2 |
_aA translator´s guide to the gospel of Mark : _bhelps for translators. _n41 / _cRobert G. Bratcher. |
| 264 | 1 |
_aNew York : _bUnited Bible Society, _c1981. |
|
| 300 |
_a236 páginas ; _c24 centímetros. |
||
| 336 |
_atext _2rdacontent |
||
| 337 |
_aunmediated _2rdamedia |
||
| 338 |
_avolume _2rdacarrier |
||
| 490 | 0 | _aUnited Bible Societies. Translator's Guide | |
| 504 | _aIncluye bibliografía. | ||
| 505 | 0 | _aThe Gospel of Mark -- Chapters. | |
| 526 | _aSEG42 | ||
| 526 | _aSEG41 | ||
| 526 | _aSEG40 | ||
| 526 | _aSEG39 | ||
| 526 | _aP94 | ||
| 526 | _aP87 | ||
| 526 | _aP86 | ||
| 526 | _aP85 | ||
| 526 | _aP77 | ||
| 526 | _aP76 | ||
| 526 | _aP35 | ||
| 630 | 0 | 4 |
_aBiblia. _pN.T. _pMarcos _xTraducción. |
| 910 |
_cjvm _d20100225 |
||
| 942 |
_2ddc _cBOOK |
||
| 949 |
_a220.05 UBSTG 41 _wDEWEY _c1 _i38639 _lCCODEBUL1 _mBUL _p00.00 _r0 _sY _tBOOK _u2015-06-25 _xTEOLOGIA _PP35 _0COMPRA _o.STAFF. Colección General |
||
| 994 |
_aC0 _bPEPRU |
||
| 596 | _a1 | ||
| 999 |
_a220.05 UBSTG 41 _wDEWEY _c41848 _i38639 _f2021-11-9 _g5 _lCCODEBUL1 _mBUL _p10.00 _r0 _sY _tBOOK _u2015-6-25 _xTEOLOGIA _PP35 _0COMPRA _o.STAFF. Colección Teología _d41848 |
||
| 980 |
_81 _gALBERTO SANCHEZ Responsable de Automatización |
||